00679nam a2200193Ia 4500003000900000008004100009020001800050040001600068080001400084245008300098260004600181300001300227500001700240650002800257700003200285942000700317999001700324952014400341IN-BaIIA211028s9999 xx 000 0 eng d a0-85229-760-2 cIIA Library a31bRAM-4 0aStudent's Britannica Indiabvol. 4, Miraj to Shastricedited by I. Ramchandani aNew DelhibEncyclopaedia Britannicac2000 ax, 390p. a7 volume set aBritannica-India926949 aRamchandani, I., ed.926950 cBK c14918d14918 00104070aBANbBANcGENd2003-01-28eSABD g3995.00l0o031/ RAM-4p15840r2021-11-05v3995.00w2003-01-28yBKGRs. 3995.00/ 7 vols. set